| 000 | 00694cab a2200205 4500 | ||
|---|---|---|---|
| 001 | WB2938-20 | ||
| 008 | 090401t1993 xxu||||| |||| 00| 0 eng d | ||
| 035 | _a(Sirsi) u48034 | ||
| 041 | _aeng | ||
| 245 | _aNew & amended Housing Act forms | ||
| 260 | _c1993 | ||
| 350 | _a0 | ||
| 490 |
_aOyez Forms Information Service _v(15/1993) September 1993 (2) |
||
| 520 | _aOyez announces publication of new and amended forms issued under the terms of the Leasehold Reform, Housing and Urban Development Act 1993. | ||
| 650 | _aFORMS | ||
| 650 | _aLEASEHOLD REFORM, HOUSING AND URBAN DEVELOPMENT ACT 1993 | ||
| 690 | _aLANDLORD AND TENANT-LEASEHOLD REFORM | ||
| 942 | _n0 | ||
| 948 | _c04/03/1997 | ||
| 999 |
_c30189 _d30189 |
||